[Event "Montcalm 7 2017-18"]
[Site "Quebec CAN"]
[Date "2018.05.03"]
[Round "2"]
[White "Cummins, Paul"]
[Black "Leblanc-Legault, Mathieu"]
[Result "1-0"]
[WhiteElo "1761"]
[BlackElo "1700"]
[PlyCount "139"]
[EventDate "2018.04.26"]
[EventType "swiss"]
[EventRounds "5"]
[EventCountry "CAN"]

1. Nc3 d5 2. d4 Nf6 3. Bg5 Nbd7 4. g3 h6 5. Bd2 e6 6. Bg2 c5 7. dxc5 Bxc5 8. e3
O-O 9. Nge2 a6 10. a4 Ne5 11. b3 Nc6 12. O-O Bd7 13. Nf4 Rc8 14. Nd3 Bd6 15.
Rb1 Nb4 16. Nxb4 Bxb4 17. Ne2 Bxd2 18. Qxd2 Qc7 19. Rfc1 Rfd8 20. Nd4 Qc3 21.
Qe2 e5 22. Nf3 b5 23. axb5 Bxb5 24. Qd2 Ne4 25. Qd1 f6 26. Bh3 Rb8 27. Be6+ Kf8
28. Nh4 Be8 29. Qg4 Ng5 30. Bf5 Rb4 31. Qd1 d4 32. Nf3 Nxf3+ 33. Qxf3 dxe3 34.
fxe3 Bc6 35. Qf2 Rd2 36. Qe1 Rg2+ 37. Kf1 Qxe1+ 38. Rxe1 Rxh2 39. c4 Rb8 40.
Red1 Ke7 41. e4 Rh1+ 42. Ke2 Rxd1 43. Kxd1 Be8 44. Kc2 g6 45. Bh3 Rd8 46. Ra1
Rd6 47. Ra5 Bc6 48. Bg2 Bb7 49. Rc5 Ke6 50. Rc7 Rd7 51. Bh3+ f5 52. exf5+ Kd6
53. Rxd7+ Kxd7 54. fxg6+ Ke7 55. c5 Be4+ 56. Kc3 Bxg6 57. Bf1 a5 58. Kc4 Bf7+
59. Kb5 Bxb3 60. Kxa5 Kd7 61. Kb6 Bd5 62. Bh3+ Ke7 63. c6 Bxc6 64. Kxc6 Kf6 65.
Kd5 h5 66. Ke4 Kg5 67. Kxe5 h4 68. g4 Kg6 69. Kf4 Kh6 70. Kf5 1-0

[Event "Montcalm 7 2017-18"]
[Site "Quebec CAN"]
[Date "2018.05.03"]
[Round "2"]
[White "Marois, Remi"]
[Black "Garcia Casillas, Carlos"]
[Result "1/2-1/2"]
[WhiteElo "1627"]
[BlackElo "1761"]
[PlyCount "117"]
[EventDate "2018.04.26"]
[EventType "swiss"]
[EventRounds "5"]
[EventCountry "CAN"]

1. e4 c5 2. Nf3 d6 3. d4 cxd4 4. Nxd4 Nf6 5. Nc3 a6 6. Bc4 b5 7. Bb3 e6 8. f4
Nbd7 9. f5 e5 10. Nc6 Qc7 11. Nb4 Bb7 12. Nbd5 Qb8 13. Be3 b4 14. Nxb4 Bxe4 15.
Nxe4 Qxb4+ 16. Nc3 Rc8 17. O-O Be7 18. Nd5 Nxd5 19. Qxd5 O-O 20. c3 Qb8 21. Qd3
Qb5 22. Qxb5 axb5 23. a4 bxa4 24. Bxa4 Nc5 25. Bc2 Rc7 26. b4 Nd7 27. Bd2 d5
28. Bb3 Nf6 29. Ra5 Ne4 30. Rxd5 Nxd2 31. Rxd2 Rxc3 32. Rb2 e4 33. Ba4 Rb8 34.
Rd1 Kf8 35. b5 e3 36. Kf1 Ra3 37. Bc2 Bf6 38. Rbb1 Ra2 39. Bd3 Rf2+ 40. Kg1 Bd4
41. Re1 Rd2 42. Be2 Ke7 43. Kf1 Kf6 44. g4 Kg5 45. Red1 g6 46. fxg6 hxg6 47.
Rb3 Rxd1+ 48. Bxd1 Bb6 49. Kg2 Rd8 50. Be2 Rd2 51. Kf3 f5 52. gxf5 gxf5 53. Rb4
Rd6 54. Kg3 Rh6 55. Rc4 f4+ 56. Kg2 Rd6 57. Kf3 Rh6 58. Kg2 Rd6 59. Kf3 1/2-1/2

[Event "Montcalm 7 2017-18"]
[Site "Quebec CAN"]
[Date "2017.05.04"]
[Round "2"]
[White "Sarra-Bournet, Marc"]
[Black "Girard-Tremblay, Eliot"]
[Result "1-0"]
[WhiteElo "1801"]
[BlackElo "1426"]
[PlyCount "27"]
[EventDate "2018.04.26"]
[EventType "swiss"]
[EventRounds "5"]
[EventCountry "CAN"]

1. e4 c5 2. Nc3 Nc6 3. f4 d6 4. Nf3 g6 5. Bc4 Bg7 6. f5 a6 7. d3 b5 8. Bd5 Qb6
9. Ng5 Bxc3+ 10. bxc3 Nh6 11. O-O Bb7 12. fxg6 Ne5 13. gxf7+ Kf8 14. Ne6# 1-0

[Event "Montcalm 7 2017-18"]
[Site "Quebec CAN"]
[Date "2018.05.10"]
[Round "3"]
[White "Boissinot, Claude"]
[Black "Dumont, Eric"]
[Result "0-1"]
[WhiteElo "1502"]
[BlackElo "1706"]
[PlyCount "62"]
[EventDate "2018.04.26"]
[EventType "swiss"]
[EventRounds "5"]
[EventCountry "CAN"]

1. e4 c6 2. d4 d5 3. exd5 cxd5 4. c4 Nf6 5. Nc3 e6 6. Nf3 Nc6 7. h3 b6 8. Be3
Bb7 9. Bd3 Be7 10. O-O O-O 11. Rc1 Rc8 12. cxd5 Nxd5 13. Nxd5 Qxd5 14. b3 Rfd8
15. Bc4 Qh5 16. Be2 Qd5 17. Bc4 Qd6 18. Rc2 Nb4 19. Rd2 Nd5 20. Bxd5 Qxd5 21.
Qb1 Ba3 22. Rfd1 Rc3 23. Rc2 Rdc8 24. Rxc3 Rxc3 25. Ne1 Qh5 26. Nc2 Be4 27. Rd2
Qg6 28. Qf1 Bxc2 29. Qa6 Be4 30. f4 Qg3 31. Qxa3 Rxe3 0-1

[Event "Montcalm 7 2017-18"]
[Site "Quebec CAN"]
[Date "2018.05.10"]
[Round "3"]
[White "Garcia Casillas, Carlos"]
[Black "Cummins, Paul"]
[Result "1/2-1/2"]
[WhiteElo "1761"]
[BlackElo "1761"]
[PlyCount "123"]
[EventDate "2018.04.26"]
[EventType "swiss"]
[EventRounds "5"]
[EventCountry "CAN"]

1. e4 e6 2. d3 d5 3. Nd2 Nf6 4. Ngf3 Nc6 5. g3 dxe4 6. dxe4 e5 7. Bg2 Bc5 8.
O-O O-O 9. c3 a5 10. a4 b6 11. Qc2 Qe7 12. h3 Ba6 13. Re1 Nh5 14. Nb3 Bd6 15.
Nh4 g6 16. Bh6 Rfe8 17. Rad1 Qe6 18. Nd2 Be7 19. Nhf3 Rad8 20. Nf1 Bc5 21. Ne3
Bxe3 22. Bxe3 f6 23. Rxd8 Nxd8 24. b4 axb4 25. cxb4 Qe7 26. b5 Bb7 27. Rc1 Ne6
28. Nd2 Nhg7 29. Nc4 Rd8 30. a5 bxa5 31. Nxa5 Ba8 32. Kh2 Ne8 33. Nc6 Bxc6 34.
Qxc6 Kg7 35. Ra1 Qd6 36. Qb7 Rd7 37. Ra8 Qe7 38. Ra7 Nd8 39. Qa8 Ne6 40. Qb8
Nd6 41. b6 cxb6 42. Rxd7 Qxd7 43. Bxb6 Nc4 44. Ba7 Na5 45. Be3 Nc4 46. Bc1 Nd6
47. h4 Qc7 48. Qb1 Nf7 49. Be3 Nh6 50. Bh3 Nd8 51. Bb6 Qb7 52. Qb5 Nc6 53. Qc5
Nd4 54. Qc7+ Qxc7 55. Bxc7 Kf7 56. Kg2 Ng8 57. Bb6 Ne6 58. f4 exf4 59. Bxe6+
Kxe6 60. gxf4 Ne7 61. Bd4 Nc8 62. Bc5 1/2-1/2

[Event "Montcalm 7 2017-18"]
[Site "Quebec CAN"]
[Date "2018.05.10"]
[Round "3"]
[White "Marois, Remi"]
[Black "Bender, Karl"]
[Result "1/2-1/2"]
[WhiteElo "1627"]
[BlackElo "1519"]
[PlyCount "115"]
[EventDate "2018.04.26"]
[EventType "swiss"]
[EventRounds "5"]
[EventCountry "CAN"]

1. e4 c5 2. Nf3 d6 3. d4 cxd4 4. Nxd4 Nf6 5. Nc3 g6 6. Be3 Bg7 7. f3 O-O 8. Qd2
Re8 9. Bc4 Nc6 10. Bb3 Bd7 11. O-O-O Rc8 12. h4 Ne5 13. g4 Nc4 14. Bxc4 Rxc4
15. h5 Qa5 16. hxg6 hxg6 17. Kb1 Rxc3 18. Qxc3 Qxc3 19. bxc3 Rc8 20. Ne2 Nxg4
21. fxg4 Bxg4 22. Rde1 Rc4 23. Bd4 e5 24. Bxa7 Rxe4 25. Nc1 Rxe1 26. Rxe1 f5
27. Bb8 Bf8 28. c4 e4 29. Nb3 Kf7 30. Na5 b6 31. Nb7 Ke6 32. Ba7 Kd7 33. Nxd6
Kxd6 34. Bxb6 Kc6 35. Be3 Be7 36. a4 g5 37. a5 Bf3 38. a6 f4 39. Bf2 g4 40. Ka2
e3 41. Bxe3 fxe3 42. Rxe3 Bd6 43. Kb3 Kc7 44. Kc3 Bc5 45. Re8 g3 46. a7 Bxa7
47. Rg8 g2 48. Kb4 g1=Q 49. Rxg1 Bxg1 50. Kc3 Kc6 51. Kd3 Kc5 52. Kc3 Be2 53.
Kd2 Bxc4 54. Kc3 Bg8 55. Kd3 Bd4 56. Kd2 Kc4 57. Ke2 Kc3 58. Kd1 1/2-1/2

[Event "Montcalm 7 2017-18"]
[Site "Quebec CAN"]
[Date "2018.05.17"]
[Round "4"]
[White "Bender, Karl"]
[Black "Garcia Casillas, Carlos"]
[Result "0-1"]
[WhiteElo "1519"]
[BlackElo "1761"]
[PlyCount "59"]
[EventDate "2018.04.26"]
[EventType "swiss"]
[EventRounds "5"]
[EventCountry "CAN"]

1. d4 Nf6 2. Nf3 g6 3. g3 Bg7 4. Bg2 O-O 5. O-O d6 6. c4 Nbd7 7. Nc3 c6 8. e4
e5 9. dxe5 dxe5 10. Bg5 Qc7 11. Qc2 Re8 12. Rfd1 Nf8 13. Qd2 Bg4 14. Qd6 Qxd6
15. Rxd6 Ne6 16. Nxe5 Nxg5 17. Rxf6 Bxf6 18. Nxg4 Bg7 19. f3 Rad8 20. Rd1 Rxd1+
21. Nxd1 Rd8 22. Nde3 Rd2 23. f4 Ne6 24. e5 Bf8 25. Kf1 Bc5 26. Ke1 Bxe3 27.
Nxe3 Rxb2 28. a4 Nd4 29. Kd1 Re2 30. Nf5 0-1

[Event "Montcalm 7 2017-18"]
[Site "Quebec CAN"]
[Date "2018.05.17"]
[Round "4"]
[White "Cummins, Paul"]
[Black "Marois, Remi"]
[Result "0-1"]
[WhiteElo "1761"]
[BlackElo "1627"]
[PlyCount "104"]
[EventDate "2018.04.26"]
[EventType "swiss"]
[EventRounds "5"]
[EventCountry "CAN"]

1. e4 c5 2. Nc3 d6 3. f4 Nc6 4. Bb5 Bd7 5. Nf3 a6 6. Bxc6 Bxc6 7. d3 e6 8. Be3
d5 9. exd5 exd5 10. d4 c4 11. O-O Nf6 12. Re1 Be7 13. Ne5 Nd7 14. Qg4 Nxe5 15.
fxe5 g6 16. Bh6 Bd7 17. Qf3 Be6 18. b3 b5 19. bxc4 bxc4 20. Bg7 Rg8 21. Bf6 Qa5
22. Bxe7 Kxe7 23. Ne2 Rgf8 24. Nf4 Rab8 25. Qg3 Rb2 26. Rf1 Rxc2 27. Nxe6 Kxe6
28. Qg4+ Ke7 29. Qg5+ Ke8 30. Rab1 Qd8 31. Qg4 c3 32. e6 f5 33. Qf3 Rf6 34.
Rfe1 Rb2 35. Qxc3 Rxb1 36. Qc6+ Ke7 37. Rxb1 Rxe6 38. Qc1 Kf6 39. Qh6 Re7 40.
Rc1 Qd7 41. Qf8+ Kg5 42. Rf1 Rg7 43. Qb8 Qa7 44. h4+ Kh5 45. Qf4 Qe7 46. Rf3 g5
47. hxg5 Qe1+ 48. Kh2 Rxg5 49. Rh3+ Kg6 50. Qd6+ Kf7 51. Qd7+ Kf6 52. Rxh7 Qg3+
0-1

[Event "Montcalm 7 2017-18"]
[Site "Quebec CAN"]
[Date "2018.05.17"]
[Round "4"]
[White "Dumont, Eric"]
[Black "Leblanc-Legault, Mathieu"]
[Result "0-1"]
[WhiteElo "1706"]
[BlackElo "1700"]
[PlyCount "140"]
[EventDate "2018.04.26"]
[EventType "swiss"]
[EventRounds "5"]
[EventCountry "CAN"]

1. d4 Nf6 2. Bf4 d5 3. e3 Bf5 4. c4 e6 5. Nc3 Bd6 6. Bxd6 Qxd6 7. Nf3 c6 8. Qb3
Qc7 9. Rc1 Qb6 10. Qa3 Na6 11. Be2 Qb4 12. Qb3 Qxb3 13. axb3 Nb4 14. O-O Bc2
15. Bd1 Bd3 16. Be2 Nd7 17. Ne1 Bg6 18. Ra1 a5 19. Ra3 O-O 20. Na2 c5 21. Nxb4
axb4 22. Ra4 Rxa4 23. bxa4 cxd4 24. exd4 Nb6 25. cxd5 Nxd5 26. Nd3 Rc8 27. Rc1
Rxc1+ 28. Nxc1 Bc2 29. Bb5 Nc7 30. Bd7 Kf8 31. a5 Ke7 32. a6 bxa6 33. Bc6 Kd6
34. Bb7 a5 35. f3 Nb5 36. d5 Nd4 37. dxe6 Nxe6 38. Kf2 Nc5 39. Ba8 Na4 40. Ne2
Nxb2 41. Ke3 Ba4 42. Be4 g6 43. Kd4 Bb5 44. Nc1 Bc4 45. Bb1 f5 46. f4 Bb5 47.
Na2 Na4 48. Nc1 Nc3 49. Bd3 Bxd3 50. Kxd3 Kd5 51. Nb3 a4 52. Nd2 Ne4 53. Nb1
Nc5+ 54. Kc2 Kd4 55. Nd2 a3 56. Nf3+ Ke3 57. Ng5 b3+ 58. Kb1 a2+ 59. Kb2 Kd3
60. Nf3 Na4+ 61. Ka1 Ke3 62. Ng5 h6 63. Nf7 Kd2 64. Ne5 Kc3 65. Nf3 Kb4 66. Nd2
Nc3 67. Kb2 Nd1+ 68. Ka1 Kc3 69. Nf3 Ne3 70. g3 Nc2# 0-1

[Event "Montcalm 7 2017-18"]
[Site "Quebec CAN"]
[Date "2018.05.24"]
[Round "5"]
[White "Boissinot, Claude"]
[Black "Bender, Karl"]
[Result "1-0"]
[WhiteElo "1502"]
[BlackElo "1519"]
[PlyCount "74"]
[EventDate "2018.04.26"]
[EventType "swiss"]
[EventRounds "5"]
[EventCountry "CAN"]

1. e4 c5 2. d4 cxd4 3. c3 dxc3 4. Nxc3 Nc6 5. Nf3 d6 6. Bc4 e6 7. O-O Be7 8.
Qe2 Bf6 9. Rd1 Ne5 10. Nxe5 Bxe5 11. Be3 Bd7 12. Rac1 Rc8 13. Bxa7 Ne7 14. Be3
Ng6 15. g3 Bc6 16. f4 Bxc3 17. Rxc3 O-O 18. Bf2 Ne7 19. Bb3 Qd7 20. Qe3 d5 21.
Bc2 Bb5 22. e5 Rxc3 23. bxc3 Bc4 24. a4 Ra8 25. Qc5 Rc8 26. Qb4 Nc6 27. Qxc4
Nxe5 28. Qe2 Nc4 29. Qd3 g6 30. Rb1 Qc6 31. Rb4 Na3 32. Be1 Nxc2 33. Qxc2 Qc5+
34. Qf2 Qxf2+ 35. Kxf2 Ra8 36. Bd2 Kg7 37. Be3 f6 1-0

[Event "Montcalm 7 2017-18"]
[Site "Quebec CAN"]
[Date "2018.05.24"]
[Round "5"]
[White "Dumont, Eric"]
[Black "Cummins, Paul"]
[Result "0-1"]
[WhiteElo "1706"]
[BlackElo "1761"]
[PlyCount "70"]
[EventDate "2018.04.26"]
[EventType "swiss"]
[EventRounds "5"]
[EventCountry "CAN"]

1. d4 b6 2. Bf4 Bb7 3. e3 e6 4. Nf3 f5 5. c4 Nf6 6. Nc3 Be7 7. Bd3 O-O 8. Qc2
Na6 9. a3 c5 10. Ne5 d6 11. Nf3 Nc7 12. d5 e5 13. Bxe5 dxe5 14. Nxe5 Bd6 15. f4
Qe8 16. Bxf5 Bxe5 17. Be6+ Nxe6 18. fxe5 Nd4 19. exd4 cxd4 20. O-O-O Qxe5 21.
Nb5 Rac8 22. Rhe1 Qg5+ 23. Kb1 Bxd5 24. Nd6 Rc6 25. Rxd4 Rxd6 26. cxd5 Rxd5 27.
Qb3 Qg6+ 28. Ka1 Qf7 29. Qb4 Rxd4 30. Qxd4 Qd5 31. Qf2 Rc8 32. Qg3 Qd2 33. Qb3+
Kf8 34. Re3 Qc1+ 35. Ka2 Qc4 0-1

[Event "Montcalm 7 2017-18"]
[Site "Quebec CAN"]
[Date "2018.05.24"]
[Round "5"]
[White "Garcia Casillas, Carlos"]
[Black "Leblanc-Legault, Mathieu"]
[Result "1-0"]
[WhiteElo "1761"]
[BlackElo "1700"]
[PlyCount "89"]
[EventDate "2018.04.26"]
[EventType "swiss"]
[EventRounds "5"]
[EventCountry "CAN"]

1. e4 d5 2. exd5 Nf6 3. d4 Nxd5 4. c4 Nf6 5. Nc3 e6 6. Nf3 c5 7. Bg5 cxd4 8.
Nxd4 Bc5 9. Nb3 Qxd1+ 10. Rxd1 Bb4 11. Be2 h6 12. Bd2 Bd7 13. a3 Bxc3 14. Bxc3
Ba4 15. Bxf6 gxf6 16. Rd3 Bc6 17. O-O Rg8 18. Bf3 Bxf3 19. Rxf3 Ke7 20. Rd1 Nc6
21. Rh3 Rad8 22. Rc1 Rg6 23. Nc5 b6 24. Nd3 Rd4 25. Kf1 Rgg4 26. b3 Rh4 27.
Rxh4 Rxh4 28. h3 Rd4 29. Rc3 Kd7 30. c5 Ne5 31. cxb6 axb6 32. Nxe5+ fxe5 33.
Ke2 Re4+ 34. Re3 Rxe3+ 35. Kxe3 f5 36. Kd3 Kc6 37. Kc4 b5+ 38. Kb4 e4 39. a4
bxa4 40. bxa4 f4 41. Kc4 e3 42. fxe3 fxe3 43. Kd3 e2 44. Kxe2 Kc5 45. Ke3 1-0

[Event "Montcalm 7 2017-18"]
[Site "Quebec CAN"]
[Date "2018.05.24"]
[Round "5"]
[White "Marois, Remi"]
[Black "Hines, Jason"]
[Result "0-1"]
[WhiteElo "1627"]
[BlackElo "1502"]
[PlyCount "58"]
[EventDate "2018.04.26"]
[EventType "swiss"]
[EventRounds "5"]
[EventCountry "CAN"]

1. e4 d6 2. d4 Nf6 3. Nc3 Nbd7 4. f4 c6 5. e5 Nd5 6. Nxd5 cxd5 7. exd6 e6 8.
Nf3 Bxd6 9. Bd2 O-O 10. Bd3 Qc7 11. Bxh7+ Kh8 12. Bd3 Bxf4 13. Ne5 Bxd2+ 14.
Kxd2 Nf6 15. Qf3 Qb6 16. Ng4 Ne4+ 17. Bxe4 dxe4 18. Qc3 Bd7 19. Rad1 Rac8 20.
Qh3+ Kg8 21. Kc1 Rfd8 22. Ne5 Ba4 23. b3 Rxd4 24. Rhf1 Qc5 25. Nc4 Rxc4 26.
bxc4 Qxc4 27. Rf2 Bxc2 28. Rdd2 Bd3+ 29. Kb2 Qc3# 0-1

[Event "Montcalm CC-ch"]
[Site "Quebec CAN"]
[Date "2018.04.26"]
[Round "1"]
[White "Cournoyer, Dominic"]
[Black "Gaulin, Gaetan"]
[Result "1/2-1/2"]
[WhiteElo "1971"]
[BlackElo "1929"]
[PlyCount "95"]
[EventDate "2018.04.28"]
[EventType "tourn"]
[EventRounds "5"]
[EventCountry "CAN"]

1. c4 e6 2. Nc3 d5 3. cxd5 exd5 4. d4 Nf6 5. Nf3 Bd6 6. Bg5 c6 7. e3 Bf5 8. Qb3
Qb6 9. Qxb6 axb6 10. Bxf6 gxf6 11. Kd2 Na6 12. Be2 b5 13. a3 Nc7 14. h3 O-O 15.
Bd3 Bg6 16. g4 b4 17. axb4 Bxb4 18. Nh4 Rfd8 19. f4 Bxd3 20. Kxd3 Ne8 21. Nf5
Nd6 22. Nxd6 Bxd6 23. Ne2 Kf8 24. Ng3 Ke8 25. Nf5 Bf8 26. h4 Kd7 27. Kc3 Re8
28. Kd3 Red8 29. Ng3 Bd6 30. g5 Be7 31. Nh5 Ke6 32. Ng7+ Kd7 33. Nf5 Bf8 34.
Rhg1 Ke6 35. Ng3 f5 36. Ne2 Bb4 37. Nc3 Bxc3 38. Kxc3 Kd6 39. Rgb1 Re8 40. Kd2
Kc7 41. Kd3 Kb6 42. Ra3 Kc7 43. Rba1 Rxa3+ 44. Rxa3 Kb6 45. Kd2 Rg8 46. Ra1 Re8
47. Kd3 Rd8 48. Ra3 1/2-1/2

[Event "Montcalm CC-ch"]
[Site "Quebec CAN"]
[Date "2018.04.26"]
[Round "1"]
[White "Pare, Marc"]
[Black "Sauve, Richard"]
[Result "1-0"]
[WhiteElo "1959"]
[BlackElo "1976"]
[PlyCount "73"]
[EventDate "2018.04.28"]
[EventType "tourn"]
[EventRounds "5"]
[EventCountry "CAN"]

1. e4 e6 2. Nf3 d5 3. Nc3 Nf6 4. e5 Nfd7 5. d4 c5 6. dxc5 Nc6 7. Bf4 Bxc5 8.
Bd3 f6 9. Qe2 fxe5 10. Nxe5 Ndxe5 11. Bxe5 Nxe5 12. Qxe5 Qf6 13. Qe2 O-O 14.
O-O a6 15. a3 Bd7 16. Rae1 Rac8 17. Nd1 Bd6 18. Ne3 Qh4 19. g3 Qg5 20. h4 Qf6
21. c3 Qf3 22. Qd2 Rce8 23. Be2 Qf7 24. f4 Bc5 25. Kh2 Bxe3 26. Qxe3 Qf6 27.
Bd3 Bc6 28. Kh3 h5 29. Qe5 g6 30. Qd6 Kf7 31. Re5 Rd8 32. Qc5 Kg7 33. Rfe1 Rfe8
34. Rg5 Qe7 35. Qd4+ e5 36. Rexe5 Bd7+ 37. Kh2 1-0

[Event "Montcalm CC-ch"]
[Site "Quebec CAN"]
[Date "2018.04.26"]
[Round "1"]
[White "Sarra-Bournet, Marc"]
[Black "Perreault, Jacquelin"]
[Result "0-1"]
[WhiteElo "1857"]
[BlackElo "1815"]
[PlyCount "66"]
[EventDate "2018.04.28"]
[EventType "tourn"]
[EventRounds "5"]
[EventCountry "CAN"]

1. e4 e6 2. d4 c5 3. c3 a6 4. Nf3 Nf6 5. e5 Nd5 6. c4 Nb6 7. d5 d6 8. Nc3 Be7
9. Bf4 dxe5 10. Bxe5 Bf6 11. Bxf6 Qxf6 12. Be2 O-O 13. O-O exd5 14. cxd5 Rd8
15. Qb3 Bf5 16. Rfe1 N8d7 17. Rad1 Rac8 18. Bf1 Re8 19. a4 Qg6 20. Rc1 Qd6 21.
a5 c4 22. Rxe8+ Rxe8 23. Bxc4 Nxc4 24. Qxc4 Ne5 25. Nxe5 Qxe5 26. h3 h6 27. Qb3
Bxh3 28. Rd1 Qg5 29. g3 Bg4 30. Rd3 Re1+ 31. Kg2 Qh5 32. f3 Qh1+ 33. Kf2 Qf1#
0-1

[Event "Montcalm CC-ch"]
[Site "Quebec CAN"]
[Date "2018.05.03"]
[Round "2"]
[White "Gaulin, Gaetan"]
[Black "Sarra-Bournet, Marc"]
[Result "1/2-1/2"]
[WhiteElo "1929"]
[BlackElo "1857"]
[PlyCount "64"]
[EventDate "2018.04.28"]
[EventType "tourn"]
[EventRounds "5"]
[EventCountry "CAN"]

1. d4 d5 2. c4 e6 3. Nf3 Nf6 4. g3 dxc4 5. Qa4+ Bd7 6. Qxc4 Bc6 7. Bg2 Nbd7 8.
O-O Be7 9. Nc3 O-O 10. Rd1 Nb6 11. Qd3 Nbd5 12. Nxd5 Bxd5 13. Ng5 Bxg2 14. Kxg2
h6 15. Ne4 Qd5 16. f3 Rfd8 17. Bf4 Rac8 18. Nc3 Qh5 19. Qb5 Nd5 20. Nxd5 Qxd5
21. Qa4 a6 22. e4 Qh5 23. Rac1 c5 24. dxc5 Rxd1 25. Qxd1 Rxc5 26. Be3 Rxc1 27.
Qxc1 Qb5 28. Qc8+ Kh7 29. Qc2 e5 30. b3 Qd7 31. Kg1 Bb4 32. Kg2 Ba3 1/2-1/2

[Event "Montcalm CC-ch"]
[Site "Quebec CAN"]
[Date "2018.05.03"]
[Round "2"]
[White "Sauve, Richard"]
[Black "Perreault, Jacquelin"]
[Result "1-0"]
[WhiteElo "1976"]
[BlackElo "1815"]
[PlyCount "75"]
[EventDate "2018.04.28"]
[EventType "tourn"]
[EventRounds "5"]
[EventCountry "CAN"]

1. d4 f5 2. g3 Nf6 3. Bg2 e6 4. c4 Bb4+ 5. Bd2 Bxd2+ 6. Nxd2 O-O 7. Ngf3 b6 8.
Ne5 c6 9. O-O Bb7 10. Qc2 d6 11. Nd3 Qe7 12. Rad1 c5 13. Bxb7 Qxb7 14. dxc5
bxc5 15. Nf4 Re8 16. Nb3 Qe7 17. Qd3 Nc6 18. Qxd6 e5 19. Qxe7 Rxe7 20. Nd5 Nxd5
21. Rxd5 Nb4 22. Rxc5 Nxa2 23. Rb5 a6 24. Rb6 Ree8 25. Na5 Rab8 26. Rxb8 Rxb8
27. b3 Nc3 28. e3 Kf7 29. Ra1 Ne4 30. Rb1 Ke6 31. b4 Nd6 32. c5 Nb5 33. Rd1 Nc3
34. Rd6+ Kf7 35. Rb6 Ra8 36. Rb7+ Kf6 37. c6 Ke6 38. Rxg7 1-0

[Event "Montcalm CC-ch"]
[Site "Quebec CAN"]
[Date "2018.05.10"]
[Round "3"]
[White "Cournoyer, Dominic"]
[Black "Sauve, Richard"]
[Result "1/2-1/2"]
[WhiteElo "1971"]
[BlackElo "1976"]
[PlyCount "60"]
[EventDate "2018.04.28"]
[EventType "tourn"]
[EventRounds "5"]
[EventCountry "CAN"]

1. c4 e6 2. Nc3 d5 3. cxd5 exd5 4. d4 Nf6 5. Nf3 Be7 6. Bf4 O-O 7. e3 c6 8. Bd3
Bg4 9. h3 Bh5 10. Qb3 Qb6 11. Qxb6 axb6 12. Bg5 Bg6 13. Bxf6 Bxf6 14. Kd2 Bxd3
15. Kxd3 Rd8 16. a4 Na6 17. b3 Nb4+ 18. Kd2 Rac8 19. Na2 Nxa2 20. Rxa2 Kf8 21.
Rc2 Be7 22. Kd3 Bd6 23. Rhc1 Re8 24. Nd2 Bb4 25. Nb1 Re6 26. Nc3 Rce8 27. Ne2
Bd6 28. Nc3 Bb4 29. Ne2 Bd6 30. Nc3 Bb4 1/2-1/2

[Event "Montcalm CC-ch"]
[Site "Quebec CAN"]
[Date "2018.05.10"]
[Round "3"]
[White "Perreault, Jacquelin"]
[Black "Gaulin, Gaetan"]
[Result "1/2-1/2"]
[WhiteElo "1815"]
[BlackElo "1929"]
[PlyCount "60"]
[EventDate "2018.04.28"]
[EventType "tourn"]
[EventRounds "5"]
[EventCountry "CAN"]

1. e4 e6 2. d4 d5 3. Nd2 dxe4 4. Nxe4 Bd7 5. Nf3 Bc6 6. Bd3 Nd7 7. O-O Ngf6 8.
Qe2 Nxe4 9. Bxe4 Bxe4 10. Qxe4 c6 11. Bg5 Be7 12. Bxe7 Qxe7 13. Rfe1 O-O 14. c3
a5 15. a4 Rfd8 16. Ne5 Nxe5 17. dxe5 Rd2 18. Re2 Rad8 19. g3 h6 20. Rb1 Qc5 21.
Re3 Qa7 22. b4 axb4 23. Qxb4 R8d7 24. Ra1 Qa6 25. a5 Rd1+ 26. Re1 Rxe1+ 27.
Rxe1 Qd3 28. Re3 Qd1+ 29. Kg2 Qd5+ 30. Kg1 Qd1+ 1/2-1/2

[Event "Montcalm CC-ch"]
[Site "Quebec CAN"]
[Date "2018.05.10"]
[Round "3"]
[White "Sarra-Bournet, Marc"]
[Black "Pare, Marc"]
[Result "1/2-1/2"]
[WhiteElo "1857"]
[BlackElo "1959"]
[PlyCount "102"]
[EventDate "2018.04.28"]
[EventType "tourn"]
[EventRounds "5"]
[EventCountry "CAN"]

1. e4 g6 2. d4 Bg7 3. Nf3 d6 4. Bc4 e6 5. O-O Nd7 6. Nc3 Nb6 7. Bb3 Nf6 8. Bg5
h6 9. Be3 O-O 10. e5 Nfd5 11. Nxd5 exd5 12. Qd2 Kh7 13. Bf4 c5 14. c3 Bg4 15.
Ne1 dxe5 16. dxe5 c4 17. Bc2 Qe7 18. h3 Be6 19. Nf3 a6 20. Rfe1 Nd7 21. Rad1
Rad8 22. Qe2 Rh8 23. Bg3 Kg8 24. Bh4 g5 25. Bg3 Nf8 26. Nd4 Ng6 27. Qf3 Qe8 28.
Bf5 Rd7 29. Qh5 Nf8 30. Qg4 Bxf5 31. Qxf5 Ne6 32. Qf3 Nxd4 33. Rxd4 Qe6 34. h4
Kh7 35. Qd1 Re8 36. hxg5 hxg5 37. Qh5+ Kg8 38. Qxg5 f6 39. Qg6 fxe5 40. Qxe6+
Rxe6 41. Rg4 e4 42. Bf4 Kf7 43. Be3 b5 44. Rd1 b4 45. Rf4+ Ke8 46. Bd4 Bxd4 47.
Rxd4 bxc3 48. bxc3 e3 49. fxe3 Rxe3 50. Rf3 Re2 51. Rf2 Re3 1/2-1/2

[Event "Montcalm CC-ch"]
[Site "Quebec CAN"]
[Date "2018.05.17"]
[Round "4"]
[White "Cournoyer, Dominic"]
[Black "Sarra-Bournet, Marc"]
[Result "1/2-1/2"]
[WhiteElo "1971"]
[BlackElo "1857"]
[PlyCount "26"]
[EventDate "2018.04.28"]
[EventType "tourn"]
[EventRounds "5"]
[EventCountry "CAN"]

1. c4 e5 2. Nc3 Nf6 3. Nf3 Nc6 4. g3 Bc5 5. Bg2 O-O 6. O-O d5 7. cxd5 Nxd5 8.
Nxe5 Nxc3 9. Nxc6 Nxd1 10. Nxd8 Nxf2 11. Nxb7 Nh3+ 12. Kh1 Nf2+ 13. Kg1 Nh3+
1/2-1/2

[Event "Montcalm CC-ch"]
[Site "Quebec CAN"]
[Date "2018.05.17"]
[Round "4"]
[White "Pare, Marc"]
[Black "Perreault, Jacquelin"]
[Result "1-0"]
[WhiteElo "1959"]
[BlackElo "1815"]
[PlyCount "61"]
[EventDate "2018.04.28"]
[EventType "tourn"]
[EventRounds "5"]
[EventCountry "CAN"]

1. e4 c5 2. c3 Nf6 3. e5 Nd5 4. d4 cxd4 5. Qxd4 e6 6. Bc4 Nc6 7. Qe4 Nde7 8.
Bf4 Ng6 9. Bg3 d5 10. exd6 Bxd6 11. f4 f5 12. Qe3 O-O 13. Ne2 Kh8 14. Nd2 Qc7
15. O-O-O e5 16. Rhf1 Bd7 17. Bb3 Rae8 18. Nc4 exf4 19. Qd2 fxg3 20. Nxd6 Re7
21. Nxg3 f4 22. Nge4 Be6 23. Bxe6 Rxe6 24. g3 Rd8 25. Qd5 Re7 26. gxf4 h6 27.
f5 Nf8 28. f6 Rxe4 29. Nf7+ Kh7 30. Qxe4+ g6 31. Nxd8 1-0

[Event "Montcalm CC-ch"]
[Site "Quebec CAN"]
[Date "2018.05.17"]
[Round "4"]
[White "Sauve, Richard"]
[Black "Gaulin, Gaetan"]
[Result "1/2-1/2"]
[WhiteElo "1976"]
[BlackElo "1929"]
[PlyCount "98"]
[EventDate "2018.04.28"]
[EventType "tourn"]
[EventRounds "5"]
[EventCountry "CAN"]

1. d4 Nf6 2. c4 e6 3. Nc3 Bb4 4. Qc2 O-O 5. a3 Bxc3+ 6. Qxc3 b6 7. Bg5 h6 8.
Bh4 Bb7 9. e3 d6 10. f3 Nbd7 11. Bd3 e5 12. Ne2 g5 13. Bf2 e4 14. fxe4 Nxe4 15.
Bxe4 Bxe4 16. O-O Bg6 17. Rae1 Nf6 18. Ng3 Ne4 19. Nxe4 Bxe4 20. Re2 Qe7 21.
Be1 f5 22. d5 Rae8 23. Qd4 Qe5 24. Bc3 Qxd4 25. exd4 Bd3 26. Rxe8 Rxe8 27. Rf2
Bxc4 28. Rxf5 Rf8 29. Rxf8+ Kxf8 30. Bd2 Kg7 31. Kf2 Kg6 32. g3 Bxd5 33. h4 Kf5
34. hxg5 hxg5 35. Ke3 a5 36. b4 a4 37. Bc1 b5 38. Bd2 c6 39. Bc1 Ba2 40. Bd2
Bd5 41. Bc1 g4 42. Kd3 Bf3 43. Bf4 Ke6 44. Bc1 Kd5 45. Bf4 Bg2 46. Kc3 Bf1 47.
Bh6 Ke4 48. Bf4 Kd5 49. Bh6 Bc4 1/2-1/2

[Event "Montcalm CC-ch"]
[Site "Quebec CAN"]
[Date "2018.05.24"]
[Round "5"]
[White "Gaulin, Gaetan"]
[Black "Pare, Marc"]
[Result "1/2-1/2"]
[WhiteElo "1929"]
[BlackElo "1959"]
[PlyCount "67"]
[EventDate "2018.04.28"]
[EventType "tourn"]
[EventRounds "5"]
[EventCountry "CAN"]

1. Nf3 Nf6 2. c4 e6 3. g3 d5 4. Bg2 c6 5. Qc2 Nbd7 6. d4 Ne4 7. O-O Be7 8. Nbd2
f5 9. b3 O-O 10. Bb2 a5 11. e3 b5 12. cxd5 cxd5 13. Rac1 Nxd2 14. Nxd2 Nf6 15.
Nf3 Bd7 16. Ne5 Rc8 17. Qe2 Qb6 18. Nxd7 Nxd7 19. Rc2 Rc6 20. Rxc6 Qxc6 21. Rc1
Qb7 22. Bf1 Rb8 23. Qc2 Kf7 24. Bd3 g6 25. Qc7 Bd8 26. Qxb7 Rxb7 27. Rc8 Ke7
28. Kf1 b4 29. Rc2 Rc7 30. Ke2 Rxc2+ 31. Bxc2 Nf6 32. a3 Kd7 33. axb4 axb4 34.
f3 1/2-1/2